[Event "Challenge"]
[Site "http://www.queenalice.com/game.php?id=614291"]
[Date "2009.7.6"]
[Round "-"]
[White "herrero"]
[Black "ensito"]
[Result "1-0"]
[WhiteElo "1769"]
[BlackElo "1697"]

1. e4 e5 2. Bc4 c6 3. Qf3 Nf6 4. b3 d5 5. exd5 cxd5 6. Bb5+ Bd7 7. Bxd7+ Nbxd7
8. d3 Bc5 9. Nc3 Rc8 10. Nge2 Bb4 11. Bd2 Bxc3 12. Nxc3 d4 13. Ne4 Nxe4 14. Qxe4
b6 15. Rc1 Nc5 16. Qxe5+ Qe7 17. Qxe7+ Kxe7 18. O-O Kd7 19. Rfe1 Rhe8 20. Rxe8
Rxe8 21. Re1 Rxe1+ 22. Bxe1 Kd6 23. f4 Kd5 24. g4 a5 25. a4 Na6 26. h4 Nb4 27.
Bxb4 axb4 28. Kg2 Ke6 29. Kf3 g6 30. Ke4 f5+ 31. gxf5+ gxf5+ 32. Kxd4 Kd6 33.
Kc4 1-0

[Event "Invitation"]
[Site "http://www.queenalice.com/game.php?id=614925"]
[Date "2009.7.8"]
[Round "-"]
[White "RMadrigal"]
[Black "herrero"]
[Result "1-0"]
[WhiteElo "1984"]
[BlackElo "1779"]

1. Nc3 e5 2. Nf3 Nc6 3. d4 Qf6 4. d5 Nd4 5. Nxd4 exd4 6. Nb5 Qb6 7. Qxd4 Qxb5 8.
Qe5+ Kd8 9. e4 Qb6 10. f3 f6 11. Qh5 g6 12. Qh4 Bc5 13. c3 Ne7 14. Be2 h5 15. f4
d6 16. Qxf6 Rf8 17. Qxf8+ Kd7 18. Rf1 c6 19. b4 Bg1 20. dxc6+ bxc6 21. f5 gxf5
22. Bg5 Kc7 23. Bxe7 Be3 24. Bxd6+ 1-0

[Event "AUTO-ADV-1391"]
[Site "http://www.queenalice.com/game.php?id=615019"]
[Date "2009.7.8"]
[Round "1"]
[White "GEORGESILVA"]
[Black "herrero"]
[Result "1-0"]
[WhiteElo "2053"]
[BlackElo "1769"]

1. e4 e5 2. d4 Nf6 3. dxe5 Nxe4 4. Nf3 Bc5 5. Be3 Bxe3 6. fxe3 Nc6 7. Bd3 Nc5 8.
O-O Nxd3 9. cxd3 d6 10. exd6 Qxd6 11. h3 O-O 12. Nc3 Re8 13. e4 Qg6 14. Kh1 Ne5
15. d4 Nxf3 16. Qxf3 b6 17. e5 Rb8 18. Qf4 h5 19. Rf3 Bb7 20. Rg3 Qe6 21. Rf1 c5
22. dxc5 bxc5 23. Nb5 Re7 24. Rg5 Qxh3+ 25. Kg1 Qe6 26. Nd6 Bd5 27. Nf5 Reb7 28.
Nxg7 Qh6 29. Nf5+ Qxg5 30. Qxg5+ Kf8 31. Qh6+ Ke8 32. Nd6+ 1-0

[Event "AUTO-ADV-1391"]
[Site "http://www.queenalice.com/game.php?id=615020"]
[Date "2009.7.8"]
[Round "1"]
[White "herrero"]
[Black "GEORGESILVA"]
[Result "0-1"]
[WhiteElo "1787"]
[BlackElo "2036"]

1. e4 c5 2. Bc4 Nc6 3. Qf3 Nf6 4. d3 Ne5 5. Qf4 Nxc4 6. dxc4 d6 7. Nf3 e5 8. Qh4
Be7 9. Nc3 O-O 10. O-O Nd5 11. Qg3 Nxc3 12. bxc3 f5 13. Bg5 fxe4 14. Bxe7 Qxe7
15. Ng5 Rf4 16. Rae1 Rg4 17. Qe3 Qxg5 18. Qxg5 Rxg5 19. Rxe4 Bh3 20. Rb1 Bxg2
21. Re3 b6 22. h4 Rg4 23. f3 Bxf3+ 24. Kf2 e4 25. Rd1 Bxd1 0-1

[Event "AUTO-ADV-1391"]
[Site "http://www.queenalice.com/game.php?id=615031"]
[Date "2009.7.8"]
[Round "1"]
[White "borisp"]
[Black "herrero"]
[Result "1-0"]
[WhiteElo "1896"]
[BlackElo "1761"]

1. e4 e5 2. Nf3 Nc6 3. d4 d6 4. Bb5 Nf6 5. d5 Nxe4 6. dxc6 bxc6 7. Bxc6+ Bd7 8.
Bxa8 Qxa8 9. O-O Be7 10. h3 O-O 11. b3 Bb5 12. Re1 c5 13. c4 Ba6 14. Nbd2 Nxd2
15. Qxd2 f5 16. Qc3 Qd8 17. Bb2 f4 18. Rad1 Bb7 19. Nxe5 Bh4 20. Nc6 Qg5 21.
Ne7+ Kh8 22. Qxg7+ Qxg7 23. Bxg7+ Kxg7 24. Rxd6 Kh8 25. Rh6 Bxe7 26. Rxe7 Ba8
27. Rhxh7+ 1-0

[Event "AUTO-ADV-1391"]
[Site "http://www.queenalice.com/game.php?id=615032"]
[Date "2009.7.8"]
[Round "1"]
[White "herrero"]
[Black "borisp"]
[Result "1-0"]
[WhiteElo "1749"]
[BlackElo "1907"]

1. e4 e5 2. Bc4 Nf6 3. Qf3 b6 4. d3 h6 5. Nc3 Bb7 6. Be3 Bb4 7. Ne2 Bxc3+ 8.
Nxc3 d6 9. O-O Nbd7 10. d4 Qe7 11. d5 O-O-O 12. a4 a5 13. Nb5 Kb8 14. c3 Nc5 15.
b4 Ncxe4 16. bxa5 Ng5 17. Qe2 Nxd5 18. axb6 cxb6 19. Bxd5 Bxd5 20. Bxb6 Rd7 21.
a5 Nh3+ 22. gxh3 Qg5+ 23. Qg4 f5 24. Qxg5 hxg5 25. Rfc1 Rxh3 26. a6 Rh4 27. a7+
Ka8 28. Nc7+ Rxc7 29. Bxc7 Rg4+ 30. Kf1 Bc4+ 31. Ke1 Re4+ 32. Kd1 Bd5 33. Rcb1
Bb7 34. Bxd6 f4 35. Rxb7 1-0

[Event "AUTO-ADV-1391"]
[Site "http://www.queenalice.com/game.php?id=615037"]
[Date "2009.7.8"]
[Round "1"]
[White "THECRAZY"]
[Black "herrero"]
[Result "0-1"]
[WhiteElo "1809"]
[BlackElo "1819"]

1. d4 d5 2. c4 dxc4 3. e4 Nf6 4. e5 Nd5 5. Bxc4 Bf5 6. Qf3 e6 7. Nc3 c6 8. Nge2
Nxc3 9. bxc3 b5 10. Bb3 Be7 0-1

[Event "AUTO-ADV-1391"]
[Site "http://www.queenalice.com/game.php?id=615038"]
[Date "2009.7.8"]
[Round "1"]
[White "herrero"]
[Black "THECRAZY"]
[Result "1-0"]
[WhiteElo "1802"]
[BlackElo "1826"]

1. e4 c5 2. Bc4 a6 3. Qf3 e6 4. Nh3 b5 5. e5 Nc6 6. Be2 Nd4 7. Qd3 Bb7 8. Nf4
Qb6 9. Nc3 c4 10. Qg3 Nxc2+ 11. Kf1 1-0

[Event "Challenge"]
[Site "http://www.queenalice.com/game.php?id=620637"]
[Date "2009.7.17"]
[Round "-"]
[White "herrero"]
[Black "RMadrigal"]
[Result "0-1"]
[WhiteElo "1849"]
[BlackElo "1853"]

1. e4 Nc6 2. Qf3 Nf6 3. Bc4 Ne5 4. Qb3 Nxe4 5. Nf3 Nxc4 6. Qxc4 Nd6 7. Qf4 c5 8.
O-O e6 9. Nc3 Be7 10. d3 Nf5 11. Nb5 d6 12. c4 Bd7 13. a4 O-O 14. b3 Bf6 15. Ra2
a6 16. Nxd6 e5 17. Qe4 Nxd6 18. Qd5 Qc7 19. Ng5 Bxg5 20. Bxg5 h6 21. Be7 Rfe8
22. Bxd6 Qc6 23. Qxc6 Bxc6 24. Bxc5 Red8 25. Rd2 Rac8 26. f3 Bxa4 27. bxa4 Rxc5
28. Re1 Rxc4 29. a5 Rc5 30. Ra1 f5 31. Kf2 Kf7 32. Ke2 g6 33. h3 Rd7 34. g4 Kf6
35. Ra4 Rcd5 36. Kf2 Rxd3 37. Rxd3 Rxd3 38. Rb4 Rd7 39. Rb6+ Kg5 40. Re6 Rd5 41.
Kg3 f4+ 42. Kf2 Rxa5 43. h4+ Kxh4 44. Rxg6 Ra2+ 0-1

[Event "AUTO-ADV-1410"]
[Site "http://www.queenalice.com/game.php?id=623029"]
[Date "2009.7.22"]
[Round "1"]
[White "Romanov"]
[Black "herrero"]
[Result "1-0"]
[WhiteElo "1727"]
[BlackElo "1698"]

1. d4 Nf6 2. Nc3 e6 3. a3 d5 4. g3 c5 5. e3 c4 6. Nf3 Bd6 7. h3 Qa5 8. Bd2 Qc7
9. Nb5 Qb6 10. Nxd6+ Qxd6 11. Bb4 Qb6 12. Ng5 Nc6 13. c3 Nxb4 14. axb4 h6 15.
Nf3 Qd6 16. Ne5 b5 17. Be2 O-O 18. g4 1-0

[Event "AUTO-ADV-1410"]
[Site "http://www.queenalice.com/game.php?id=623030"]
[Date "2009.7.22"]
[Round "1"]
[White "herrero"]
[Black "Romanov"]
[Result "0-1"]
[WhiteElo "1714"]
[BlackElo "1711"]

1. e4 e5 2. Qf3 g6 3. Bc4 Qe7 4. Nh3 h6 5. d3 d5 6. Bxd5 c6 7. Bb3 Na6 8. O-O g5
9. Bd2 g4 10. Qe3 gxh3 11. gxh3 Qf6 12. f4 Qg6+ 13. Qg3 Qxg3+ 14. hxg3 Bxh3 15.
Rf2 Bc5 0-1

[Event "AUTO-ADV-1410"]
[Site "http://www.queenalice.com/game.php?id=623045"]
[Date "2009.7.22"]
[Round "1"]
[White "gmsanti"]
[Black "herrero"]
[Result "1-0"]
[WhiteElo "2088"]
[BlackElo "1787"]

1. c4 e5 2. b3 Qf6 3. Bb2 Bc5 4. Nf3 Nc6 5. e3 b6 6. Nc3 Nge7 7. Ne4 Qg6 8. Nxc5
bxc5 9. Nxe5 Nxe5 10. Bxe5 d6 11. Bb2 Bb7 12. d4 cxd4 13. Qxd4 f6 14. O-O-O Nc6
15. Qc3 O-O 16. Bd3 Qxg2 17. Rhg1 Qxf2 18. Rg3 Rae8 19. Rdg1 g5 20. Rxg5+ fxg5
21. Qg7# 1-0

[Event "AUTO-ADV-1410"]
[Site "http://www.queenalice.com/game.php?id=623046"]
[Date "2009.7.22"]
[Round "1"]
[White "herrero"]
[Black "gmsanti"]
[Result "0-1"]
[WhiteElo "1716"]
[BlackElo "2214"]

1. e4 e5 2. Bc4 Nc6 3. Qf3 Nf6 4. Nh3 Bc5 5. Ng5 O-O 6. Nc3 h6 7. Nxf7 Rxf7 8.
Bxf7+ Kxf7 9. d3 d6 10. Be3 Nd4 11. Bxd4 Bxd4 12. h3 c6 13. g4 Be6 14. O-O-O
Bxc3 15. bxc3 Bxa2 16. h4 Qd7 17. g5 Qg4 18. Qxg4 Nxg4 19. Rd2 Ke7 20. d4 Rf8
21. gxh6 gxh6 22. Rg1 h5 23. Kb2 Bc4 24. dxe5 dxe5 25. Rg3 Rxf2 26. Rxf2 Nxf2
27. Rg7+ Bf7 28. Ka3 Nxe4 29. Kb4 Kf6 30. Rg1 c5+ 31. Ka3 Nxc3 0-1

[Event "AUTO-ADV-1410"]
[Site "http://www.queenalice.com/game.php?id=623055"]
[Date "2009.7.22"]
[Round "1"]
[White "rob0330"]
[Black "herrero"]
[Result "0-1"]
[WhiteElo "1851"]
[BlackElo "1783"]

1. Nf3 e6 2. g3 Bc5 3. d4 Bb6 4. Bg2 d5 5. O-O Nf6 6. Bg5 Nc6 7. Ne5 Nxe5 8.
dxe5 h6 9. exf6 hxg5 10. fxg7 Rg8 11. Nd2 Rxg7 12. b3 f5 13. e3 g4 14. h3 gxh3
15. Qh5+ Rf7 16. Bxh3 Qf6 17. Rad1 Qg7 18. Qe2 Bd7 19. c4 O-O-O 20. cxd5 exd5
21. a4 Qh6 22. Kg2 Rh7 23. Rh1 d4 24. Bxf5 Qc6+ 25. Qf3 Qxf3+ 26. Nxf3 Bxf5 27.
Rhe1 dxe3 28. Rxd8+ Kxd8 29. fxe3 Be4 30. Rd1+ Rd7 31. Rh1 Rf7 32. Rf1 Bxe3 0-1

[Event "AUTO-ADV-1410"]
[Site "http://www.queenalice.com/game.php?id=623056"]
[Date "2009.7.22"]
[Round "1"]
[White "herrero"]
[Black "rob0330"]
[Result "1-0"]
[WhiteElo "1835"]
[BlackElo "1796"]

1. e4 e6 2. Nf3 d5 3. e5 c5 4. Bb5+ Bd7 5. Bxd7+ Nxd7 6. d4 f6 7. exf6 Ngxf6 8.
Ne5 Nxe5 9. dxe5 Nd7 10. f4 Qh4+ 11. g3 Qe7 12. Nc3 O-O-O 13. Qf3 Nb6 14. Bd2
Nc4 15. Bc1 g6 16. b3 Nb6 17. Ba3 Bg7 18. O-O-O Rhf8 19. Qf2 Nd7 20. Nxd5 exd5
21. Rxd5 Bxe5 22. Bxc5 Nxc5 23. Rxe5 Nxb3+ 24. axb3 Qa3+ 25. Kb1 Rd6 26. Qc5+
Qxc5 27. Rxc5+ Kb8 28. Re1 b6 29. Rce5 a5 30. Re8+ Rxe8 31. Rxe8+ Kc7 32. Re7+
Rd7 33. Rxd7+ Kxd7 34. h4 Kd6 35. Kb2 Kd5 36. Kc3 Ke4 37. Kc4 Kf3 38. Kb5 Ke2
39. c4 Kf3 40. Kxb6 1-0